| 000 | 00625nam a22002052 4500 | ||
|---|---|---|---|
| 001 | 0000001171 | ||
| 005 | 20151217151808.0 | ||
| 008 | 070227s xx 000 0 eng d | ||
| 020 |
_a058232873X : _cGBP 27.89 |
||
| 040 |
_aKABU _cKABU |
||
| 050 | 0 |
_aGE40 _b.P73 |
|
| 245 | 1 | 0 |
_aPractical skills in environmental science / _cAllan Jones ... [et al.] |
| 260 |
_aHarlow, England : _bPrentice Hall, _c2000. |
||
| 300 | _ax, 280 p. | ||
| 650 | 0 |
_aEnvironmental science _xMethodology. _@0000149731 |
|
| 700 | 1 |
_aJones, Allan. _@0000149732 |
|
| 908 | _a070227 | ||
| 950 | _@1 | ||
| 999 |
_c5119 _d5119 |
||